| 000 | 00867nas a2200241 i 4500 | ||
|---|---|---|---|
| 001 | 1606 | ||
| 003 | ES-MaACL | ||
| 005 | 20250217134302.0 | ||
| 007 | t| | ||
| 008 | 950801c1949 fr | | 1 ||re d | ||
| 022 | _a0031-2029 | ||
| 080 | _a44 | ||
| 245 | 0 | 0 |
_aParis match / _cdir. Marcel Lebreton. |
| 260 |
_aParis : _bParis Match, _c1949- ( _fImp. E. Despsses-Neogravure) |
||
| 300 |
_a17 v. : _bgrab. ; _c35 cm. |
||
| 310 | _aSemanal | ||
| 362 | 0 | _a1949- | |
| 650 | 1 | 4 |
_aRevistas de información general. _916896 |
| 700 | 1 |
_aLebreton, Marcel, _edir. _9194252 |
|
| 852 |
_aES-MaACL _jHEM-D-215 _xOlim: Hem-1136 |
||
| 866 | 0 | _o(1961)(1962f.ene.y n.709)(1963f.n.738)1964-67(1968f.n.1006)(1969f.n.1067-1068y1074)1970-71(1072f.n.1190)1973-75(1976f.n.1410)(1977f.n.1467-1468y1472-1474)(1978f.n.1500)1979(1980f.n.1619y1622)1981-82(1983). | |
| 999 |
_c1606 _d1606 |
||